Dr. Tímár Mátyás látogatása Szegeden
Elmentve itt :
| Szerző: | |
|---|---|
| Dokumentumtípus: | Cikk |
| Megjelent: |
1968-03-19
|
| Sorozat: | Délmagyarország
58 No. 66 |
| Kulcsszavak: | Tímár Mátyás, Győri Imre, Hingl József, Miniszteri látogatás Szeged 1968 |
| Online Access: | http://dmarchiv.bibl.u-szeged.hu/63548 |
| LEADER | 00572nab a2200157 i 4500 | ||
|---|---|---|---|
| 001 | delm63548 | ||
| 005 | 20180927151305.0 | ||
| 008 | 180927s1968 hu o 0|| hun d | ||
| 040 | |a SZTE Délmagyarország Archívum |b hun | ||
| 041 | |a hun | ||
| 100 | 2 | |a Somogyi Károlyné Neurohr Magdolna | |
| 245 | 1 | 0 | |a Dr. Tímár Mátyás látogatása Szegeden |h [elektronikus dokumentum] / |c Somogyi Károlyné Neurohr Magdolna |
| 260 | |c 1968-03-19 | ||
| 300 | |a 1, 3 | ||
| 490 | 0 | |a Délmagyarország |v 58 No. 66 | |
| 695 | |a Tímár Mátyás, Győri Imre, Hingl József, Miniszteri látogatás Szeged 1968 | ||